000 00369nam a2200145Ia 4500
008 230917s9999||||xx |||||||||||||| ||und||
040 _e195374
_aMAIN
041 _aEnglish
082 _a954.01 C392P
100 _aChattopadhyaya, Aditi
245 0 _aPracheen Bharat mein vigyan aur samaj
260 _aDelhi
_bGranth Shilpi
_c2001
300 _a493 p.
942 _cBK
999 _c159284
_d159284